Information and knowledge management in health sciences : nuver perspective, MLAI 2004 national convention 9-11 Dec 2004. Chennai (Record no. 233265)

MARC details
000 -LEADER
fixed length control field 00611nam a2200145Ia 4500
008 - FIXED-LENGTH DATA ELEMENTS--GENERAL INFORMATION
fixed length control field 231221s9999 xx 000 0 und d
041 ## - LANGUAGE CODE
Language code of text/sound track or separate title English
100 ## - MAIN ENTRY--PERSONAL NAME
Personal name Ambuja, R. Raghavan, K S. Seetharama, S.
245 #0 - TITLE STATEMENT
Title Information and knowledge management in health sciences : nuver perspective, MLAI 2004 national convention 9-11 Dec 2004. Chennai
260 ## - PUBLICATION, DISTRIBUTION, ETC.
Date of publication, distribution, etc. 2004
Name of publisher, distributor, etc. ALM Post grachute Institute of Basic Medical Sciences
Place of publication, distribution, etc. Chennai
300 ## - PHYSICAL DESCRIPTION
Extent 491
500 ## - GENERAL NOTE
General note SRELS
650 ## - SUBJECT ADDED ENTRY--TOPICAL TERM
Topical term or geographic name entry element Information,knowledge,management,health,nuver,perspective,,MLAI,2004,national,convention,9-11,Dec,2004.,Chennai
942 ## - ADDED ENTRY ELEMENTS (KOHA)
Koha item type Conference Proceedings
Holdings
Date last seen Total checkouts Accession number Price effective from Category Lost status Damaged status Department Withdrawn status Home library Current library Shelving location Entry date Grants Currency symbol Conversion rate Discount Old discount
26/01/2024   CP22 26/01/2024 Conference Proceedings     Central Library   Central Library Central Library Central Library   DONATED RS 1    

© For any Suggestions or Query, please contact the library staff @ librarian@pes.edu or Phone: +9180 2672 1983/ 2108.